Better policies for sustainable development 2016 <a> new framework for policy coherence

Salvato in:
Dettagli Bibliografici
Natura: Libro
Lingua:inglese
Pubblicazione: Paris OECD 2016
Soggetti:
Tags: Aggiungi Tag
Nessun Tag, puoi essere il primo ad aggiungerne!!

MARC

LEADER 00000nam a2200000 4500
001 0228611
005 20221107100820.1
020 |a 978-92-64-25697-2 
041 0 |a eng 
044 |a FR 
245 1 0 |a Better policies for sustainable development 2016  |b <a> new framework for policy coherence 
264 1 |a Paris  |b OECD  |c 2016 
300 |a 291 s. 
610 2 0 |a politika hospodárska 
610 2 0 |a politika kohézna 
610 2 0 |a rozvoj hospodársky 
610 2 0 |a bezpečnosť potravinová 
610 2 0 |a financie 
610 2 0 |a ukazovatele 
610 2 0 |a porovnanie medzinárodné